| 000 | 00593nam a2200193Ia 4500 | ||
|---|---|---|---|
| 003 | GCL | ||
| 008 | 140319s9999 xx 000 0 ara d | ||
| 040 |
_aGCL / _cGCL |
||
| 082 | 0 | 4 |
_a243 _bأ ع |
| 100 | 1 | _aالسيد الجميلى | |
| 245 | 1 | 0 |
_aعلامات الساعة واشراطها / _cالسيد الجميلى |
| 250 | _aالاولى | ||
| 260 |
_aالقاهرة : _bدار و مكتبة الهلال ، _c1992 |
||
| 300 |
_a104 ص ؛ _c24 سم |
||
| 650 | 0 | 4 | _aالثواب والعقاب |
| 650 | 0 | 4 | _aالسمعيات |
| 650 | 0 | 4 | _aالقيامة، يوم |
| 942 |
_2ddc _cBK |
||
| 999 |
_c4940 _d4940 |
||